Every City in Dagestan on a Map - Statistics

General Stats
  • This quiz has been taken 60 times
  • The average score is 21 of 1571
Answers on the Map
Answers color-coded by a green-red scale on the quiz's map according to % correct below.
 
Answer Stats
District Population Answer % Correct
Makhachkala 572076 Makhachkala
79%
Derbent 119200 Derbent
57%
Kaspiysk 100129 Kaspiysk
57%
Izberbash 55646 Izberbash
36%
Khasavyurt 131187 Khasavyurt
36%
Akhtynsky District 13405 Akhty
29%
Kizlyar 48984 Kizlyar
29%
Levashinsky District 10011 Levashi
29%
Charodinsky District 292 Magar
29%
Magaramkent District 6953 Magaramkent
29%
Magaramkent District 3433 Samur
29%
Babayurtovsky District 15227 Babayurt
21%
Botlikhsky District 12159 Botlikh
21%
Buynaksk 62623 Buynaksk
21%
Magaramkent District 3554 Gaptsakh
21%
Kulinsky District 577 Kaya
21%
Kayakent District 11144 Kayakent
21%
Khiva District 2659 Khiv
21%
Khunzakhsky District 4245 Khunzakh
21%
Kizilyurt 32988 Kizilyurt
21%
Akushinsky District 157 Kuli
21%
Kulinsky District 3946 Kuli
21%
Kurakhsky District 3235 Kurakh
21%
Rutulsky District 4132 Rutul
21%
Levashinsky District 475 Tagirkent
21%
Magaramkent District 360 Tagirkent
21%
Magaramkent District 1813 Tselyagyun
21%
Suleiman-Stalsky District 2849 Ashaga-Stal
14%
Dokuzparinsky District 2854 Avadan
14%
Magaramkent District 1697 Azadogly
14%
Tsuntinsky District 3502 Bezhta
14%
Magaramkent District 2042 Bil'bil'-Kazmalyar
14%
Rutulsky District 17 Borch
14%
Dagestanskiye Ogni 27923 Dagestanskie Ogni
14%
Akhtynsky District 1710 Fiy
14%
Kurakhsky District 577 Gel'khen
14%
Gergebil District 5195 Gergebil'
14%
Magaramkent District 2022 Gil'yar
14%
Agulsky District 475 Goa
14%
Akhtynsky District 481 Gogaz
14%
Kazbekovsky District 3101 Guni
14%
Rutulsky District 2050 Ikhrek
14%
Akhtynsky District 1655 Kaka
14%
Laksky District 529 Kara
14%
Suleiman-Stalsky District 13232 Kasumkent
14%
Akhtynsky District 2059 Khnov
14%
Tabasaran District 3232 Khuchni
14%
Magaramkent District 1254 Kirka
14%
Dokuzparinsky District 826 Kurush
14%
Khasavyurt District 7327 Kurush
14%
Rutulsky District 477 Luchek
14%
Kaytag District 6815 Madzhalis
14%
Rutulsky District 1182 Mishlesh
14%
Magaramkent District 1540 Mugergan
14%
Magaramkent District 519 Primorskiy
14%
Agulsky District 1267 Richa
14%
Rutulsky District 1320 Shinaz
14%
Babayurtovsky District 1057 Sovetskoe
14%
Kizlyarsky District 394 Sovetskoe
14%
Magaramkent District 4217 Sovetskoe
14%
Khasavyurt District 1362 Sovetskoe
14%
Gumbetovsky District 578 Tlyarata
14%
Tlyaratinsky District 1200 Tlyarata
14%
Agulsky District 2730 Tpig
14%
Rutulsky District 476 Tsakhur
14%
Untsukulsky District 6274 Untsukul'
14%
Kulinsky District 817 Vachi
14%
Suleiman-Stalsky District 1709 Yukhari-Stal
14%
Gunibsky District 140 Ala
7%
Rutulsky District 460 Amsar
7%
Agulsky District 118 Amukh
7%
Kurakhsky District 514 Arablyar
7%
Tabasaran District 464 Arak
7%
Rutulsky District 423 Arakul
7%
Charodinsky District 197 Archib
7%
Tabasaran District 608 Arkit
7%
Khiva District 1329 Ashaga-Yarak
7%
Derbent District 12236 Belidzhi
7%
Derbent District 4282 Belidzhi
7%
Kurakhsky District 806 Bugdatepe
7%
Agulsky District 1194 Burkikhan
7%
Laksky District 211 Burshi
7%
Magaramkent District 3127 But-Kazmalyar
7%
Agulsky District 545 Chirag
7%
Buynaksky District 8676 Chirkey
7%
Tlyaratinsky District 478 Choroda
7%
Suleiman-Stalsky District 898 Chukhverkent
7%
Tabasaran District 2889 Darvag
7%
Akhtynsky District 706 Dzhaba
7%
Magaramkent District 634 Dzhepel'
7%
Suleiman-Stalsky District 3821 Eminkhyur
7%
Khasavyurt District 7437 Endirey
7%
Buynaksky District 3412 Erpeli
7%
Magaramkent District 2402 Filya
7%
Agulsky District 751 Fite
7%
Magaramkent District 362 Garakh
7%
Akhtynsky District 388 Gdym
7%
Tsuntinsky District 547 Genukh
7%
Suleiman-Stalsky District 3490 Gereykhanovskoe
7%
Untsukulsky District 4654 Gimry
7%
Botlikhsky District 3049 Godoberi
7%
Gunibsky District 11 Godoberi
7%
Karabudakhkent District 8627 Gubden
7%
Gunibsky District 2271 Gunib
7%
Rutulsky District 2 Igrakh
7%
Kurakhsky District 1618 Ikra
7%
Kayakent District 195 Inchkhe
7%
Dakhadaevsky District 225 Itsari
7%
Kurakhsky District 1424 Kabir
7%
Karabudakhkent District 15356 Karabudakhkent
7%
Dokuzparinsky District 1209 Karakyure
7%
Derbent District 4809 Khazar
7%
Akhtynsky District 406 Khkem
7%
Rutulsky District 2069 Khlyut
7%
Tsuntinsky District 21 Khora
7%
Khiva District 1079 Khoredzh
7%
Akhtynsky District 2241 Khryug
7%
Suleiman-Stalsky District 139 Khtun
7%
Agulsky District 673 Khudig
7%
Laksky District 684 Khurkhi
7%
Kaytag District 174 Kirki
7%
Magaramkent District 484 Klichkhan
7%
Laksky District 458 Kuba
7%
Dakhadaevsky District 3060 Kubachi
7%
Khiva District 863 Kug
7%
Laksky District 478 Kuma
7%
Kurakhsky District 1167 Kumuk
7%
Suleiman-Stalsky District 4071 Kurkent
7%
Akhtynsky District 878 Kurukal
7%
Rutulsky District 612 Kusur
7%
Magaramkent District 3197 Kuysun
7%
Khiva District 602 Laka
7%
Karabudakhkent District 1101 Leninkent
7%
Makhachkala 15532 Leninkent
7%
Akhtynsky District 2792 Lutkun
7%
Dokuzparinsky District 1259 Mikrakh
7%
Derbent District 1946 Muzaim
7%
Suleiman-Stalsky District 3706 Novaya Maka
7%
Kayakent District 5130 Novokayakent
7%
Magaramkent District 2760 Novyy Aul
7%
Derbent District 1765 Nyugdi
7%
Suleiman-Stalsky District 2843 Orta-Stal
7%
Magaramkent District 1839 Oruzhba
7%
Makhachkala 214 Ostrov Chechen'
7%
Kayakent District 8930 Pervomayskoe
7%
Kizlyarsky District 945 Pervomayskoe
7%
Khasavyurt District 1228 Pervomayskoe
7%
Kurakhsky District 151 Rugun
7%
Suleiman-Stalsky District 718 Sardarkent
7%
Makhachkala 13677 Semender
7%
Sergokalinsky District 8143 Sergokala
7%
Kurakhsky District 425 Shimikhyur
7%
Kurakhsky District 258 Shtul
7%
Tabasaran District 3976 Sirtich
7%
Dokuzparinsky District 282 Tekipirkent
7%
Nogai District 7993 Terekli-Mekteb
7%
Agulsky District 10 Tsirkhe
7%
Suleiman-Stalsky District 626 Tsmur
7%
Tsumadinsky District 110 Tsumada
7%
Kurakhsky District 314 Usug
7%
Dokuzparinsky District 1881 Usukhchay
7%
Derbent District 4202 Velikent
7%
Magaramkent District 433 Yarukvalar
7%
Khiva District 349 Yukhari-Yarak
7%
Yuzhno-Sukhokumsk 10035 Yuzhno-Sukhokumsk
7%
Suleiman-Stalsky District 245 Zukhrabkent
7%
Khasavyurt District 316 Abdurashid
0%
Karabudakhkent District 1679 Achi-Su
0%
Kaytag District 163 Adaga
0%
Karabudakhkent District 1464 Adanak
0%
Khasavyurt District 1284 Adil'otar
0%
Babayurtovsky District 3864 Adil'-Yangiyurt
0%
Kumtorkalinsky District 1645 Adzhidada
0%
Khasavyurt District 824 Adzhimazhagatyurt
0%
Tabasaran District 190 Afna
0%
Karabudakhkent District 1811 Agachaul
0%
Buynaksky District 450 Agachkala
0%
Gunibsky District 42 Agada
0%
Derbent District 2341 Aglobi
0%
Tsumadinsky District 2455 Agvali
0%
Khunzakhsky District 173 Akaro
0%
Buynaksky District 688 Akaytala
0%
Khasavyurt District 738 Akbulatyurt
0%
Tsuntinsky District 53 Akdy
0%
Khunzakhsky District 734 Akhalchi
0%
Novolaksky District 633 Akhar
0%
Levashinsky District 1247 Akhkent
0%
Kaytag District 1023 Akhmedkent
0%
Kurakhsky District 21 Akhnig
0%
Akushinsky District 205 Akhsakadamakhi
0%
Buynaksky District 65 Akhsu
0%
Kazbekovsky District 262 Akhtachikan
0%
Khunzakhsky District 474 Akhtini
0%
Tabasaran District 600 Akka
0%
Kizilyurt District 4014 Aknada
0%
Tsumadinsky District 120 Aknada
0%
Khasavyurt District 9000 Aksay
0%
Akushinsky District 4697 Akusha
0%
Gergebil District 55 Akushali
0%
Kurakhsky District 1053 Aladash
0%
Botlikhsky District 2764 Alak
0%
Makhachkala 12413 Al'burikent
0%
Charodinsky District 190 Alchunib
0%
Kizlyarsky District 2437 Aleksandriyskaya
0%
Tarumovsky District 1619 Aleksandro-Nevskoe
0%
Akushinsky District 826 Alikhanmakhi
0%
Babayurtovsky District 693 Alimpashayurt
0%
Suleiman-Stalsky District 970 Alkadar
0%
Kayakent District 2411 Alkhadzhakent
0%
Levashinsky District 712 Allate
0%
Kazbekovsky District 1983 Almak
0%
Kumtorkalinsky District 1619 Almalo
0%
Levashinsky District 267 Amalte
0%
Akushinsky District 2140 Ameterkmakhi
0%
Khunzakhsky District 126 Amishta
0%
Gunibsky District 34 Amuarib
0%
Khunzakhsky District 1510 Amushchi Bol'shoe
0%
Khunzakhsky District 130 Amushchi Maloe
0%
Dakhadaevsky District 1 Amuzgi
0%
Tlyaratinsky District 49 Anada
0%
Akhvakh District 819 Anchik
0%
Botlikhsky District 5591 Andi
0%
Derbent District 326 Andreevka
0%
Akhvakh District 156 Anduz
0%
Shamilsky District 970 Andykh
0%
Tsumadinsky District 8 Angida
0%
Botlikhsky District 35 Ankho
0%
Botlikhsky District 307 Ankhvala
0%
Agulsky District 13 Anklukh
0%
Botlikhsky District 4598 Ansalta
0%
Tlyaratinsky District 97 Antsukh
0%
Buynaksky District 1676 Apshi
0%
Derbent District 2174 Arablinskoe
0%
Sergokalinsky District 189 Arachanamakhi
0%
Khunzakhsky District 673 Arada
0%
Untsukulsky District 1640 Arakani
0%
Rutulsky District 365 Aran
0%
Khunzakhsky District 674 Arani
0%
Akushinsky District 29 Arassamakhi
0%
Akhvakh District 347 Archo
0%
Khiva District 109 Archug
0%
Gumbetovsky District 796 Argvani
0%
Buynaksky District 319 Arkas
0%
Tsumadinsky District 180 Arkaskent
0%
Khunzakhsky District 339 Arkhida
0%
Khunzakhsky District 125 Arkida
0%
Agulsky District 238 Arsug
0%
Kazbekovsky District 365 Artlukh
0%
Laksky District 112 Artsalu
0%
Laksky District 182 Arussi
0%
Buynaksky District 640 Arykhkent
0%
Khiva District 108 Asakent
0%
Tsuntinsky District 6 Asakh
0%
Suleiman-Stalsky District 324 Asalikent
0%
Khiva District 808 Ashaga-Arkhit
0%
Suleiman-Stalsky District 190 Ashagakartas
0%
Suleiman-Stalsky District 2978 Ashaga-Stal-Kazmalyar
0%
Khiva District 789 Ashaga-Tsinit
0%
Kurakhsky District 209 Ashakent
0%
Botlikhsky District 788 Ashali
0%
Kurakhsky District 565 Ashar
0%
Tsumadinsky District 5 Ashcha
0%
Untsukulsky District 1983 Ashil'ta
0%
Botlikhsky District 79 Ashino
0%
Dakhadaevsky District 393 Ashty
0%
Gunibsky District 9 Askhabil'-Kuli
0%
Shamilsky District 1641 Assab
0%
Buynaksky District 2375 Atlanaul
0%
Khiva District 239 Atrik
0%
Kizlyarsky District 3532 Aver'yanovka
0%
Levashinsky District 391 Ayalakab
0%
Sergokalinsky District 702 Ayalizimakhi
0%
Dakhadaevsky District 126 Ayatsimakhi
0%
Dakhadaevsky District 150 Ayatsuri
0%
Tarumovsky District 90 Aybatkhanovskoe lesnichestvo
0%
Gergebil District 2342 Aymaki
0%
Sergokalinsky District 256 Aymaumakhi
0%
Levashinsky District 103 Aynikab
0%
Akushinsky District 381 Aynikabmakhi
0%
Sergokalinsky District 290 Aynurbimakhi
0%
Levashinsky District 20 Aysalakak
0%
Tsuntinsky District 248 Azil'ta
0%
Laksky District 85 Bagikla
0%
Charodinsky District 39 Baginub
0%
Khunzakhsky District 203 Baitl'
0%
Sergokalinsky District 227 Bakhmakhi
0%
Kurakhsky District 163 Bakhtsug
0%
Dakhadaevsky District 249 Bakni
0%
Untsukulsky District 2164 Balakhani
0%
Gunibsky District 117 Balanub
0%
Laksky District 323 Balasma
0%
Gunibsky District 12 Baldutl'
0%
Akushinsky District 939 Balkhar
0%
Sergokalinsky District 398 Baltamakhi
0%
Khasavyurt District 4337 Bammatyurt
0%
Novolaksky District 1036 Banayyurt
0%
Tlyaratinsky District 400 Barnab
0%
Kaytag District 2110 Barshamay
0%
Gunibsky District 12 Basar
0%
Kayakent District 3230 Bashlykent
0%
Khasavyurt District 3298 Batashyurt
0%
Khasavyurt District 4069 Batayurt
0%
Khunzakhsky District 1081 Batlaich
0%
Tsumadinsky District 4 Batlakhatli
0%
Gunibsky District 754 Batsada
0%
Gunibsky District 3 Batsikvarikh
0%
Nogai District 624 Batyr-Murza
0%
Kizilyurt 4765 Bavtugay
0%
Akushinsky District 148 Baykatmakhi
0%
Khasavyurt District 446 Bayram
0%
Khasavyurt District 2858 Bayramaul
0%
Kaytag District 39 Bazhluk
0%
Agulsky District 305 Bedyuk
0%
Tsumadinsky District 24 Bekhvalutchi
0%
Botlikhsky District 93 Beledi
0%
Akushinsky District 123 Bergeinzi
0%
Derbent District 3028 Berikey
0%
Tsuntinsky District 211 Berikh
0%
Tlyaratinsky District 485 Betel'da
0%
Untsukulsky District 20 Betli
0%
Tlyaratinsky District 32 Bezhuda
0%
Akushinsky District 54 Bikalamakhi
0%
Derbent District 635 Bil'gadi
0%
Tlyaratinsky District 81 Bochokh
0%
Makhachkala 3186 Bogatyrevka
0%
Kizlyarsky District 1565 Bol'shaya Areshevka
0%
Kizlyarsky District 1739 Bol'shebredikhinskoe
0%
Kizlyarsky District 141 Bol'shekozyrevskoe
0%
Kizlyarsky District 1641 Bol'shezadoevskoe
0%
Gunibsky District 170 Bol'shoy Urala
0%
Kizlyarsky District 507 Bondarenovskoe
0%
Khasavyurt District 1635 Boragangechuv
0%
Nogai District 545 Boranchi
0%
Kizlyarsky District 658 Bryansk
0%
Kizlyarsky District 61 Bryanskiy rybzavod
0%
Levashinsky District 170 Buanzimakhi
0%
Buynaksky District 1998 Buglen
0%
Tabasaran District 194 Bukhnag
0%
Gunibsky District 994 Bukhty
0%
Akushinsky District 62 Bukkamakhi
0%
Sergokalinsky District 652 Burdeki
0%
Tabasaran District 704 Burgankent
0%
Akushinsky District 137 Burgimakhi
0%
Akushinsky District 1285 Burgimakmakhi
0%
Sergokalinsky District 129 Burkhimakhi
0%
Agulsky District 653 Burshag
0%
Levashinsky District 301 Burtanimakhi
0%
Kazbekovsky District 4035 Burtunay
0%
Kizlyarsky District 216 Burumbay
0%
Dakhadaevsky District 686 Buskri
0%
Tlyaratinsky District 12 Busutli
0%
Suleiman-Stalsky District 459 Butkent
0%
Akushinsky District 1097 Butri
0%
Khunzakhsky District 1429 Butsra
0%
Dakhadaevsky District 43 Butulta
0%
Tsuntinsky District 50 Chaatli
0%
Buynaksky District 1083 Chabanmakhi
0%
Sergokalinsky District 182 Chabazimakhi
0%
Tlyaratinsky District 228 Chadakolob
0%
Khasavyurt District 1740 Chagarotar
0%
Levashinsky District 28 Chagni
0%
Magaramkent District 1927 Chakhchakh-Kazmalyar
0%
Kaytag District 217 Chakhdikna
0%
Levashinsky District 186 Chakhimakhi
0%
Gergebil District 302 Chalda
0%
Tsuntinsky District 108 Chalyakh
0%
Charodinsky District 19 Chanab
0%
Akushinsky District 111 Chankalamakhi
0%
Babayurtovsky District 387 Chankayurt
0%
Botlikhsky District 488 Chanko
0%
Buynaksky District 1209 Chankurbe
0%
Novolaksky District 2386 Chapaevo
0%
Gunibsky District 2 Charakh
0%
Tlyaratinsky District 33 Charakh
0%
Novolaksky District 1214 Charavali
0%
Charodinsky District 439 Charoda
0%
Khiva District 313 Chere
0%
Kizlyarsky District 2279 Chernyaevka
0%
Nogai District 2066 Chervlennye Buruny
0%
Tlyaratinsky District 115 Childa
0%
Khiva District 485 Chilikar
0%
Derbent District 5227 Chinar
0%
Akushinsky District 916 Chinimakhi
0%
Gumbetovsky District 1923 Chirkata
0%
Dakhadaevsky District 551 Chishili
0%
Charodinsky District 202 Chitab
0%
Gumbetovsky District 440 Chitl'
0%
Laksky District 100 Chitur
0%
Tlyaratinsky District 137 Chododa
0%
Gunibsky District 3223 Chokh
0%
Khunzakhsky District 154 Chondotl'
0%
Gunibsky District 32 Chonob
0%
Kizilyurt District 7023 Chontaul
0%
Botlikhsky District 236 Chubutla
0%
Laksky District 156 Chukna
0%
Tabasaran District 1309 Chulat
0%
Kaytag District 1870 Chumli
0%
Levashinsky District 881 Chuni
0%
Charodinsky District 34 Chunib
0%
Tabasaran District 443 Churdaf
0%
Laksky District 167 Churtakh
0%
Dokuzparinsky District 93 Chuvalar
0%
Khiva District 752 Chuvek
0%
Charodinsky District 110 Chvadab
0%
Gunibsky District 28 Dadulazda
0%
Shamilsky District 262 Dagbash
0%
Tabasaran District 315 Dagni
0%
Kumtorkalinsky District 284 Dakhadaevka
0%
Kaytag District 437 Daknisa
0%
Kizlyarsky District 416 Dal'nee
0%
Levashinsky District 49 Damkulakada
0%
Gumbetovsky District 812 Danukh
0%
Gergebil District 217 Darada
0%
Khiva District 371 Dardarkent
0%
Suleiman-Stalsky District 2809 Darkush-Kazmalyar
0%
Shamilsky District 174 Datuna
0%
Sergokalinsky District 824 Degva
0%
Derbent District 2217 Delichoban
0%
Dokuzparinsky District 103 Demirar
0%
Kayakent District 435 Deybuk
0%
Dakhadaevsky District 554 Dibgalik
0%
Dakhadaevsky District 1131 Dibgashi
0%
Dakhadaevsky District 237 Dirbakmakhi
0%
Levashinsky District 489 Ditunshimakhi
0%
Karabudakhkent District 5783 Dorgeli
0%
Charodinsky District 154 Doronub
0%
Kayakent District 3675 Druzhba
0%
Dakhadaevsky District 250 Duakar
0%
Kazbekovsky District 5202 Dubki
0%
Akushinsky District 690 Dubrimakhi
0%
Novolaksky District 1104 Duchi
0%
Agulsky District 542 Duldug
0%
Buynaksky District 550 Durangi
0%
Kaytag District 270 Duregi
0%
Charodinsky District 280 Dusrakh
0%
Kazbekovsky District 8640 Dylym
0%
Tabasaran District 1894 Dyubek
0%
Derbent District 561 Dyuzler
0%
Khasavyurt District 2071 Dzerzhinskoe
0%
Khunzakhsky District 81 Dzhalaturi
0%
Derbent District 725 Dzhalgan
0%
Karabudakhkent District 1203 Dzhanga
0%
Levashinsky District 698 Dzhangamakhi
0%
Kayakent District 1011 Dzhavankent
0%
Kaytag District 2189 Dzhavgat
0%
Derbent District 2555 Dzhemikent
0%
Kaytag District 1198 Dzhibakhni
0%
Kaytag District 286 Dzhigiya
0%
Rutulsky District 743 Dzhilikhur
0%
Kaytag District 710 Dzhinabi
0%
Rutulsky District 278 Dzhinykh
0%
Kaytag District 529 Dzhirabachi
0%
Tabasaran District 916 Dzhugdil'
0%
Botlikhsky District 407 Dzhugut
0%
Tabasaran District 715 Dzhul'dzhag
0%
Tabasaran District 194 Dzhul'dzhinif
0%
Tabasaran District 628 Dzhuli
0%
Dakhadaevsky District 155 Dzhurmachi
0%
Dakhadaevsky District 711 Dzilebki
0%
Levashinsky District 811 Ebdalaya
0%
Khunzakhsky District 167 Ebuta
0%
Tsumadinsky District 1122 Echeda
0%
Nogai District 587 Edige
0%
Kizlyarsky District 597 Efimovka
0%
Tsumadinsky District 201 Egdada
0%
Gunibsky District 60 Egeda
0%
Suleiman-Stalsky District 470 Ekendil'
0%
Buynaksky District 114 Ekibulak
0%
Tabasaran District 155 Ekrag
0%
Levashinsky District 74 Elakatmakhi
0%
Tsuntinsky District 203 El'bok
0%
Gunibsky District 42 Enseruda
0%
Tabasaran District 62 Ergyunyag
0%
Tabasaran District 1807 Ersi
0%
Dokuzparinsky District 54 Esetar
0%
Tabasaran District 396 Firgil'
0%
Rutulsky District 3 Fuchukh
0%
Khiva District 201 Furdag
0%
Tsumadinsky District 128 Gachitli
0%
Gumbetovsky District 256 Gadari
0%
Tsumadinsky District 210 Gadaychi
0%
Tsumadinsky District 416 Gadiri
0%
Tlyaratinsky District 660 Gagar
0%
Botlikhsky District 3539 Gagatli
0%
Tsumadinsky District 324 Gakko
0%
Tsuntinsky District 197 Galatli
0%
Novolaksky District 2528 Gamiyakh
0%
Gunibsky District 10 Gamsutl'
0%
Akushinsky District 187 Gandaramakhi
0%
Dokuzparinsky District 39 Gandurar
0%
Akushinsky District 1709 Gapshima
0%
Tlyaratinsky District 249 Garakolob
0%
Gunibsky District 16 Garbilazda
0%
Tsuntinsky District 247 Garbutl'
0%
Khiva District 33 Garig
0%
Kayakent District 54 Gasha
0%
Tabasaran District 403 Gasik
0%
Khunzakhsky District 475 Gatsalukh
0%
Magaramkent District 377 Gazardkam-Kazmalyar
0%
Gunibsky District 15 Gazilala
0%
Kaytag District 388 Gaziya
0%
Akhtynsky District 400 Gdynk
0%
Akushinsky District 735 Geba
0%
Tlyaratinsky District 47 Gebguda
0%
Derbent District 6829 Gedzhukh
0%
Kizilyurt District 1473 Gel'bakh
0%
Karabudakhkent District 2798 Geli
0%
Tabasaran District 668 Gelinbatan
0%
Rutulsky District 609 Gel'mets
0%
Babayurtovsky District 1516 Gemetyube
0%
Tsuntinsky District 6 Genazokh
0%
Tlyaratinsky District 285 Gendukh
0%
Tlyaratinsky District 753 Genekolob
0%
Khunzakhsky District 315 Genichutl'
0%
Shamilsky District 101 Genitsurib
0%
Tsuntinsky District 174 Geniyatl'
0%
Shamilsky District 580 Genta
0%
Khasavyurt District 779 Genzheaul
0%
Tlyaratinsky District 395 Gerel'
0%
Kayakent District 3913 Gerga
0%
Buynaksky District 27 Gergentala
0%
Akushinsky District 2087 Gerkhmakhi
0%
Babayurtovsky District 2228 Germenchik
0%
Kazbekovsky District 1558 Gertma
0%
Tlyaratinsky District 1 Gidatli
0%
Shamilsky District 14 Gidatlinskiy Most
0%
Charodinsky District 63 Gidib
0%
Tsumadinsky District 1349 Gigatl'
0%
Tsumadinsky District 268 Gigatli-Urukh
0%
Tsumadinsky District 105 Gigikh
0%
Charodinsky District 642 Gilib
0%
Tsumadinsky District 212 Gimerso
0%
Tlyaratinsky District 302 Gindib
0%
Akushinsky District 1535 Ginta
0%
Tabasaran District 293 Gisik
0%
Akushinsky District 71 Giyagaramakhi
0%
Charodinsky District 233 Goab
0%
Charodinsky District 150 Gochada
0%
Charodinsky District 473 Gochob
0%
Shamilsky District 463 Gogotl'
0%
Khasavyurt District 749 Goksuv
0%
Shamilsky District 1491 Golotl'
0%
Khunzakhsky District 256 Gondokori
0%
Gunibsky District 1417 Gonoda
0%
Khunzakhsky District 372 Gonokh
0%
Charodinsky District 32 Gontlob
0%
Shamilsky District 812 Goor
0%
Shamilsky District 266 Goor-Khindakh
0%
Khunzakhsky District 245 Gortkolo
0%
Tlyaratinsky District 199 Gortnob
0%
Kazbekovsky District 517 Gostala
0%
Khunzakhsky District 2188 Gotsatl' Bol'shoy
0%
Khunzakhsky District 581 Gotsatl' Malyy
0%
Gergebil District 164 Gotsob
0%
Laksky District 73 Govkra
0%
Khunzakhsky District 164 Gozolokolo
0%
Kizlyarsky District 193 Gruzinskoe
0%
Dakhadaevsky District 662 Guladty
0%
Akushinsky District 415 Guladtymakhi
0%
Kaytag District 145 Gul'dy
0%
Akushinsky District 386 Gulebki
0%
Kaytag District 2056 Gulli
0%
Tabasaran District 258 Gumi
0%
Akushinsky District 644 Gumramakhi
0%
Dakhadaevsky District 371 Gunakari
0%
Botlikhsky District 128 Gunkha
0%
Akushinsky District 57 Gunnamakhi
0%
Charodinsky District 87 Gunukh
0%
Tsuntinsky District 198 Gunzib
0%
Karabudakhkent District 5322 Gurbuki
0%
Levashinsky District 538 Gurgumakhi
0%
Tabasaran District 804 Gurik
0%
Tabasaran District 558 Gurkhun'
0%
Laksky District 66 Gushchi
0%
Tsuntinsky District 365 Gutatli
0%
Tabasaran District 484 Guvlig
0%
Laksky District 69 Guymi
0%
Dakhadaevsky District 11 Guzbaya
0%
Tlyaratinsky District 768 Gvedysh
0%
Tsumadinsky District 43 Gvinachi
0%
Tabasaran District 268 Gyugryag
0%
Tabasaran District 1454 Gyukhryag
0%
Tlyaratinsky District 1232 Ibragimotar
0%
Rutulsky District 2 Iche
0%
Gumbetovsky District 160 Ichichali
0%
Suleiman-Stalsky District 333 Ichin
0%
Gumbetovsky District 2559 Igali
0%
Kazbekovsky District 462 Ikha
0%
Tsuntinsky District 23 Ikha
0%
Buynaksky District 310 Imanaliroso
0%
Kizlyarsky District 87 Imeni Kalinina
0%
Kizlyarsky District 2189 Imeni Karla Marksa
0%
Kizlyarsky District 674 Imeni Kirova
0%
Derbent District 876 Imeni Michurina
0%
Kizlyarsky District 1204 Imeni Shaumyana
0%
Kizlyarsky District 1987 Imeni Zhdanova
0%
Tarumovsky District 361 Imunnyy
0%
Kazbekovsky District 2077 Inchkha
0%
Akhvakh District 433 Indira
0%
Akhvakh District 1063 Ingerdakh
0%
Gumbetovsky District 840 Ingishi
0%
Laksky District 131 Inisha
0%
Akhvakh District 838 Inkhelo
0%
Tsumadinsky District 254 Inkhokvari
0%
Levashinsky District 537 Inkuchimakhi
0%
Untsukulsky District 42 Inkvalita
0%
Akushinsky District 1383 Inzimakhi
0%
Gergebil District 98 Iputa
0%
Dakhadaevsky District 843 Iragi
0%
Dakhadaevsky District 391 Iraki
0%
Levashinsky District 206 Irgali
0%
Untsukulsky District 2286 Irganay
0%
Charodinsky District 1106 Irib
0%
Kaytag District 8 Irichi
0%
Untsukulsky District 291 Ishtiburi
0%
Suleiman-Stalsky District 1277 Ispik
0%
Tsuntinsky District 489 Itsirakh
0%
Gunibsky District 70 Ivaylazda
0%
Akhvakh District 1212 Izano
0%
Tlyaratinsky District 17 Izta
0%
Tlyaratinsky District 15 Kabasida
0%
Magaramkent District 2189 Kabir-Kazmalyar
0%
Tsuntinsky District 935 Kachalay
0%
Suleiman-Stalsky District 256 Kachalkent
0%
Buynaksky District 421 Kachkalyk
0%
Buynaksky District 2277 Kadar
0%
Akushinsky District 94 Kaddamakhi
0%
Sergokalinsky District 868 Kadirkent
0%
Khasavyurt District 807 Kadyrotar
0%
Buynaksky District 5107 Kafyr-Kumukh
0%
Karabudakhkent District 1269 Kakamakhi
0%
Levashinsky District 2647 Kakamakhi
0%
Karabudakhkent District 6030 Kaka-Shura
0%
Khunzakhsky District 276 Kakh
0%
Untsukulsky District 795 Kakhabroso
0%
Shamilsky District 1092 Kakhib
0%
Khunzakhsky District 339 Kakhikal
0%
Suleiman-Stalsky District 645 Kakhtsug
0%
Akushinsky District 616 Kakmakhi
0%
Derbent District 1752 Kala
0%
Rutulsky District 408 Kala
0%
Dokuzparinsky District 1758 Kaladzhukh
0%
Kazbekovsky District 4531 Kalininaul
0%
Nogai District 535 Kalininaul
0%
Tlyaratinsky District 612 Kalininaul
0%
Tarumovsky District 1805 Kalinovka
0%
Dakhadaevsky District 1317 Kalkni
0%
Akhtynsky District 1226 Kaluk
0%
Rutulsky District 399 Kal'yal
0%
Laksky District 51 Kamakhal
0%
Laksky District 28 Kamasha
0%
Tlyaratinsky District 903 Kamilukh
0%
Akushinsky District 285 Kamkadamakhi
0%
Sergokalinsky District 731 Kanasiragi
0%
Khasavyurt District 1662 Kandauraul
0%
Kulinsky District 292 Kani
0%
Kayakent District 1020 Kapkaykent
0%
Tarumovsky District 702 Karabagly
0%
Derbent District 788 Karadagly
0%
Gunibsky District 390 Karadakh
0%
Tlyaratinsky District 34 Karadla
0%
Nogai District 1972 Karagas
0%
Buynaksky District 4537 Karamakhi
0%
Kayakent District 1695 Karanayaul
0%
Charodinsky District 162 Karanub
0%
Laksky District 167 Karasha
0%
Akushinsky District 59 Karashimakhi
0%
Nogai District 761 Karasu
0%
Akhvakh District 4153 Karata
0%
Kaytag District 1162 Karatsan
0%
Tsuntinsky District 289 Karatyube
0%
Tsuntinsky District 535 Karauzek
0%
Akushinsky District 62 Karayamakhi
0%
Dakhadaevsky District 274 Karbuchimakhi
0%
Suleiman-Stalsky District 1739 Karchag
0%
Sergokalinsky District 106 Kardamakhi
0%
Tlyaratinsky District 389 Kardib
0%
Kizlyarsky District 1875 Kardonovka
0%
Levashinsky District 727 Karekadani
0%
Dakhadaevsky District 70 Karkatsi
0%
Levashinsky District 2684 Karlabko
0%
Khasavyurt District 3335 Karlanyurt
0%
Khasavyurt District 2249 Karlanyurt
0%
Akushinsky District 1234 Karsha
0%
Kaytag District 601 Kartalay
0%
Magaramkent District 1820 Kartas-Kazmalyar
0%
Akushinsky District 138 Kassagumakhi
0%
Tlyaratinsky District 83 Katroso
0%
Dokuzparinsky District 129 Kavalar
0%
Akushinsky District 1408 Kavkamakhi
0%
Khasavyurt District 1336 Kazmaaul
0%
Magaramkent District 723 Kchun-Kazmalyar
0%
Tsumadinsky District 738 Kedi
0%
Gunibsky District 594 Keger
0%
Khasavyurt District 570 Kemsiyurt
0%
Kizlyarsky District 62 Kenafnyy Zavod
0%
Dokuzparinsky District 103 Kerimkhanar
0%
Kizlyarsky District 196 Kerlikent
0%
Akushinsky District 662 Kertukmakhi
0%
Charodinsky District 82 Keserib
0%
Sergokalinsky District 83 Khabkaymakhi
0%
Khunzakhsky District 355 Khachta
0%
Kaytag District 183 Khadagi
0%
Tlyaratinsky District 264 Khadakolob
0%
Tlyaratinsky District 304 Khadiyal
0%
Levashinsky District 6187 Khadzhalmakhi
0%
Levashinsky District 24 Khadzhalte
0%
Levashinsky District 1165 Khakhita
0%
Tabasaran District 678 Khalag
0%
Tsuntinsky District 31 Khalakh
0%
Tsumadinsky District 48 Khalikh
0%
Buynaksky District 5108 Khalimbekaul
0%
Gunibsky District 72 Khamagib
0%
Tsuntinsky District 23 Khamaitli
0%
Shamilsky District 120 Khamakal
0%
Babayurtovsky District 4682 Khamamatyurt
0%
Tlyaratinsky District 180 Khamar
0%
Khasavyurt District 3178 Khamavyurt
0%
Tabasaran District 626 Khanag
0%
Tabasaran District 280 Khanak
0%
Botlikhsky District 33 Khando
0%
Sergokalinsky District 175 Khantskarkamakhi
0%
Tabasaran District 1030 Khapil'
0%
Untsukulsky District 449 Kharachi
0%
Tlyaratinsky District 309 Kharada
0%
Tabasaran District 500 Kharag
0%
Khunzakhsky District 1200 Kharakhi
0%
Laksky District 121 Kharazma
0%
Dakhadaevsky District 1528 Kharbuk
0%
Akhvakh District 474 Kharib
0%
Khunzakhsky District 341 Kharikolo
0%
Tabasaran District 99 Kharkhni
0%
Levashinsky District 361 Khasakent
0%
Babayurtovsky District 1017 Khasanay
0%
Tsuntinsky District 508 Khasharkhota
0%
Gunibsky District 62 Khatsunob
0%
Akushinsky District 143 Khazhnimakhi
0%
Tsuntinsky District 400 Khebatli
0%
Shamilsky District 2552 Khebda
0%
Gunibsky District 33 Khebdib
0%
Levashinsky District 3 Khebrela-Ela
0%
Botlikhsky District 721 Kheleturi
0%
Tabasaran District 575 Kheli
0%
Gunibsky District 39 Khenda
0%
Akushinsky District 306 Khenklakar
0%
Tsuntinsky District 18 Khenokh
0%
Tsuntinsky District 39 Khetokh
0%
Tsuntinsky District 126 Khibiyatl'
0%
Tlyaratinsky District 45 Khidib
0%
Charodinsky District 250 Khilikh
0%
Khunzakhsky District 67 Khimakoro
0%
Gunibsky District 1170 Khindakh
0%
Tlyaratinsky District 164 Khindakh
0%
Khunzakhsky District 560 Khindakh
0%
Shamilsky District 125 Khindakh
0%
Khunzakhsky District 251 Khini
0%
Tlyaratinsky District 58 Khintida
0%
Untsukulsky District 35 Khintlimita
0%
Charodinsky District 304 Khinub
0%
Charodinsky District 274 Khitab
0%
Rutulsky District 56 Khiyakh
0%
Rutulsky District 61 Khnyukh
0%
Tlyaratinsky District 108 Khobokh
0%
Magaramkent District 1444 Khodzha-Kazmalyar
0%
Tsumadinsky District 580 Khonokh
0%
Shamilsky District 122 Khonokh
0%
Gunibsky District 44 Khopor
0%
Magaramkent District 1013 Khorel'
0%
Tlyaratinsky District 279 Khoroda
0%
Shamilsky District 196 Khoroda
0%
Tlyaratinsky District 65 Khorta
0%
Kulinsky District 1630 Khosrekh
0%
Tlyaratinsky District 151 Khotlob
0%
Gunibsky District 1172 Khotoch
0%
Shamilsky District 921 Khotoda
0%
Kulinsky District 379 Khoykhi
0%
Kulinsky District 237 Khoymi
0%
Kurakhsky District 244 Khpedzh
0%
Kurakhsky District 361 Khpyuk
0%
Suleiman-Stalsky District 227 Khpyuk
0%
Magaramkent District 1509 Khtun-Kazmalyar
0%
Kazbekovsky District 1304 Khubar
0%
Shamilsky District 252 Khuchada
0%
Dakhadaevsky District 425 Khuduts
0%
Dakhadaevsky District 115 Khulabarkmakhi
0%
Laksky District 312 Khulisma
0%
Laksky District 180 Khuna
0%
Kaytag District 362 Khungiya
0%
Tsuntinsky District 43 Khuntli
0%
Tsuntinsky District 556 Khupri
0%
Laksky District 518 Khuri
0%
Tabasaran District 2530 Khurik
0%
Khiva District 43 Khursatil'
0%
Dakhadaevsky District 329 Khurshni
0%
Charodinsky District 88 Khurukh
0%
Laksky District 193 Khurukra
0%
Tsumadinsky District 768 Khushet
0%
Tsumadinsky District 844 Khushtada
0%
Tabasaran District 594 Khustil'
0%
Agulsky District 628 Khutkhul
0%
Tsuntinsky District 646 Khutrakh
0%
Kizlyarsky District 944 Khutseevka
0%
Laksky District 57 Khuty
0%
Gergebil District 43 Khvarada
0%
Tsumadinsky District 335 Khvarshi
0%
Gergebil District 1323 Khvartikuni
0%
Tsumadinsky District 260 Khvayni
0%
Kurakhsky District 243 Khveredzh
0%
Kurakhsky District 353 Khyurekhyur
0%
Tabasaran District 420 Khyuryak
0%
Rutulsky District 441 Kiche
0%
Sergokalinsky District 1693 Kichi-Gamri
0%
Tsuntinsky District 752 Kidero
0%
Shamilsky District 28 Kienikh
0%
Gergebil District 3224 Kikuni
0%
Dokuzparinsky District 395 Kiler
0%
Gumbetovsky District 1032 Kilyatl'
0%
Tsuntinsky District 240 Kimyatli
0%
Rutulsky District 653 Kina
0%
Kizilyurt District 2174 Kirovaul
0%
Kaytag District 96 Kirtsik
0%
Dakhadaevsky District 3030 Kishcha
0%
Dakhadaevsky District 148 Kishchamakhi
0%
Tlyaratinsky District 21 Kishdatl'
0%
Tsuntinsky District 217 Kitlyarta
0%
Tsuntinsky District 667 Kituri
0%
Botlikhsky District 346 Kizhani
0%
Tsumadinsky District 670 Kochali
0%
Tarumovsky District 7272 Kochubey
0%
Kizlyarsky District 1071 Kokhanovskoe
0%
Khasavyurt District 4807 Kokrek
0%
Tarumovsky District 665 Koktyubey
0%
Kizlyarsky District 364 Kollektivizator
0%
Khunzakhsky District 540 Kolo
0%
Tlyaratinsky District 366 Kolob
0%
Untsukulsky District 241 Kolob
0%
Gunibsky District 734 Kommuna
0%
Derbent District 1093 Kommuna
0%
Kizlyar 2723 Komsomol'skiy
0%
Kizilyurt District 6983 Komsomol'skoe
0%
Khiva District 1457 Kondik
0%
Khiva District 428 Kontsil'
0%
Kumtorkalinsky District 7722 Korkmaskala
0%
Gunibsky District 939 Koroda
0%
Rutulsky District 63 Korsh
0%
Khiva District 645 Koshkent
0%
Tlyaratinsky District 244 Kosob
0%
Charodinsky District 110 Kosroda
0%
Khasavyurt District 4551 Kostek
0%
Kizlyarsky District 1445 Kosyakino
0%
Makhachkala 3961 Krasnoarmeyskoe
0%
Kizlyarsky District 91 Krasnoe
0%
Khunzakhsky District 524 Krasnoe
0%
Kizlyarsky District 1807 Krasnooktyabr'skoe
0%
Sergokalinsky District 735 Krasnopartizansk
0%
Kizlyarsky District 27 Krasnyy Rybak
0%
Kizlyarsky District 1684 Krasnyy Voskhod
0%
Kizlyarsky District 1213 Kraynovka
0%
Shamilsky District 452 Kuanib
0%
Charodinsky District 121 Kubatl'
0%
Laksky District 197 Kubra
0%
Akushinsky District 17 Kubrimakhi
0%
Charodinsky District 44 Kuchrab
0%
Dakhadaevsky District 561 Kudagu
0%
Gunibsky District 913 Kudali
0%
Akhvakh District 2233 Kudiyabroso
0%
Gergebil District 541 Kudutl'
0%
Rutulsky District 312 Kufa
0%
Gunibsky District 14 Kuker
0%
Laksky District 63 Kukni
0%
Kurakhsky District 182 Kukvaz
0%
Kaytag District 151 Kulegu
0%
Levashinsky District 2174 Kuletsma
0%
Levashinsky District 409 Kulibukhna
0%
Kaytag District 401 Kulidzha
0%
Tabasaran District 623 Kulif
0%
Khiva District 120 Kulig
0%
Akushinsky District 210 Kuliyamakhi
0%
Kayakent District 268 Kulkam
0%
Sergokalinsky District 185 Kul'kibekmakhi
0%
Gunibsky District 31 Kulla
0%
Derbent District 2313 Kullar
0%
Laksky District 63 Kulushats
0%
Kizilyurt District 2028 Kul'zeb
0%
Levashinsky District 396 Kumamakhi
0%
Nogai District 877 Kumli
0%
Laksky District 1930 Kumukh
0%
Nogai District 1903 Kunbatar
0%
Laksky District 34 Kundakh
0%
Levashinsky District 375 Kundurkhe
0%
Laksky District 815 Kundy
0%
Dakhadaevsky District 780 Kunki
0%
Gumbetovsky District 362 Kunzakh
0%
Levashinsky District 1462 Kuppa
0%
Agulsky District 421 Kurag
0%
Rutulsky District 267 Kurdul
0%
Kizlyarsky District 225 Kurdyukovskoe
0%
Akushinsky District 1144 Kurimakhi
0%
Akushinsky District 338 Kurkabi
0%
Tabasaran District 268 Kurkak
0%
Akushinsky District 396 Kurkimakhi
0%
Dakhadaevsky District 126 Kurkimakhi
0%
Laksky District 419 Kurkli
0%
Laksky District 79 Kurla
0%
Gergebil District 1510 Kurmi
0%
Khiva District 966 Kushtil'
0%
Charodinsky District 227 Kutikh
0%
Levashinsky District 1922 Kutisha
0%
Tlyaratinsky District 1011 Kutlab
0%
Kurakhsky District 195 Kutul
0%
Tabasaran District 101 Kuvag
0%
Khiva District 99 Kuvig
0%
Tarumovsky District 36 Kuybyshevo
0%
Tabasaran District 851 Kuzhnik
0%
Tarumovsky District 486 Kuznetsovskoe
0%
Khunzakhsky District 56 Kvami
0%
Tsumadinsky District 1388 Kvanada
0%
Akhvakh District 368 Kvankero
0%
Botlikhsky District 921 Kvankhidatli
0%
Tsumadinsky District 87 Kvantlada
0%
Kurakhsky District 184 Kvardal
0%
Tlyaratinsky District 9 Kversatl'
0%
Makhachkala 6962 Kyakhulay
0%
Tabasaran District 93 Kyurek
0%
Tabasaran District 451 Kyuryag
0%
Gunibsky District 44 Lakhchayda
0%
Laksky District 44 Lakhir
0%
Khasavyurt District 177 Laklakyurt
0%
Rutulsky District 13 Lakun
0%
Tlyaratinsky District 557 Landa
0%
Kazbekovsky District 8340 Leninaul
0%
Nogai District 540 Leninaul
0%
Tabasaran District 247 Lidzhe
0%
Kaytag District 110 Lishcha
0%
Akhvakh District 1457 Lologonitl'
0%
Kizlyarsky District 14 Lopukhovka
0%
Laksky District 40 Luguvalu
0%
Babayurtovsky District 1262 L'vovskiy No. 1
0%
Tabasaran District 244 Lyakhe
0%
Khiva District 612 Lyakhlya
0%
Babayurtovsky District 1679 Lyuksemburg
0%
Gergebil District 2923 Maali
0%
Shamilsky District 10 Machada
0%
Shamilsky District 431 Machada
0%
Tlyaratinsky District 100 Machar
0%
Tlyaratinsky District 20 Magitl'
0%
Magaramkent District 152 Maka-Kazmalyar
0%
Kizlyarsky District 304 Makarovskoe
0%
Tsuntinsky District 332 Makhalotli
0%
Tarumovsky District 284 Maksima Gor'kogo
0%
Kizlyarsky District 1668 Malaya Areshevka
0%
Kizlyarsky District 28 Malaya Zadoevka
0%
Kaytag District 264 Mallakent
0%
Kizlyarsky District 695 Maloe Kazyrevskoe
0%
Gunibsky District 55 Malyy Urala
0%
Sergokalinsky District 616 Mamaaul
0%
Derbent District 11029 Mamedkala
0%
Karabudakhkent District 5357 Manas
0%
Buynaksky District 629 Manasaul
0%
Karabudakhkent District 4994 Manaskent
0%
Kizlyarsky District 59 Mangulaul
0%
Tabasaran District 1791 Maraga
0%
Kaytag District 185 Mashaty
0%
Akhvakh District 268 Mashtada
0%
Khunzakhsky District 150 Matlas
0%
Kizilyurt District 460 Matseevka
0%
Untsukulsky District 2641 Maydanskoe
0%
Tlyaratinsky District 195 Mazada
0%
Gunibsky District 700 Megeb
0%
Levashinsky District 2936 Mekegi
0%
Gumbetovsky District 3314 Mekhel'ta
0%
Botlikhsky District 34 Mekheturi
0%
Akhvakh District 1012 Mesterukh
0%
Tsumadinsky District 546 Metrada
0%
Dakhadaevsky District 1375 Meusisha
0%
Khiva District 1215 Mezhgyul'
0%
Botlikhsky District 1714 Miarso
0%
Kizilyurt District 4022 Miatli
0%
Akhtynsky District 154 Midzhakh
0%
Sergokalinsky District 537 Miglakasimakhi
0%
Tlyaratinsky District 12 Mikdatl'
0%
Kizlyarsky District 694 Mikheevskoe
0%
Rutulsky District 532 Mikik
0%
Dakhadaevsky District 52 Mikrasanamakhi
0%
Kizlyarsky District 149 Mirnoe
0%
Dakhadaevsky District 371 Mirzita
0%
Agulsky District 282 Misi
0%
Dokuzparinsky District 3522 Miskindzha
0%
Derbent District 651 Mitagi
0%
Derbent District 1176 Mitagi-Kazmalyar
0%
Shamilsky District 689 Mitliurib
0%
Tsuntinsky District 41 Mitluda
0%
Kaytag District 382 Mizhigli
0%
Khunzakhsky District 402 Mochokh
0%
Khasavyurt District 1903 Mogilevskoe
0%
Gergebil District 274 Mogokh
0%
Shamilsky District 363 Mogokh
0%
Charodinsky District 15 Mogrob
0%
Shamilsky District 98 Mokoda
0%
Tsuntinsky District 491 Mokok
0%
Khasavyurt District 667 Moksob
0%
Untsukulsky District 219 Moksokh
0%
Kurakhsky District 1022 Mollakent
0%
Dakhadaevsky District 1186 Morskoe
0%
Charodinsky District 26 Moshchob
0%
Derbent District 1614 Mugarty
0%
Gunibsky District 96 Mugdab
0%
Akushinsky District 3372 Mugi
0%
Charodinsky District 316 Mugurukh
0%
Laksky District 220 Mukar
0%
Rutulsky District 233 Mukhakh
0%
Tsumadinsky District 52 Mukharkh
0%
Dakhadaevsky District 135 Mukrakari
0%
Charodinsky District 94 Mukutl'
0%
Kizlyarsky District 64 Mulla-Ali
0%
Botlikhsky District 3220 Muni
0%
Gergebil District 1560 Murada
0%
Sergokalinsky District 1654 Murguk
0%
Akushinsky District 29 Murlatinamakhi
0%
Charodinsky District 81 Murukh
0%
Khunzakhsky District 569 Mushuli
0%
Rutulsky District 612 Muslakh
0%
Shamilsky District 95 Musrukh
0%
Levashinsky District 482 Musul'temakhi
0%
Khasavyurt District 6760 Mutsalaul
0%
Babayurtovsky District 545 Muzhukay
0%
Rutulsky District 193 Myukhrek
0%
Sergokalinsky District 4228 Myurego
0%
Tlyaratinsky District 162 Nachada
0%
Tlyaratinsky District 177 Nadar
0%
Gunibsky District 136 Nakazukh
0%
Tsuntinsky District 487 Nakhada
0%
Akushinsky District 415 Nakhki
0%
Khunzakhsky District 166 Nakitl'
0%
Shamilsky District 195 Nakitl'
0%
Gumbetovsky District 494 Nanibika
0%
Nogai District 1790 Nariman
0%
Gumbetovsky District 451 Narysh
0%
Levashinsky District 2949 Naskent
0%
Akushinsky District 149 Natsi
0%
Kizilyurt District 4779 Nechaevka
0%
Kizlyarsky District 686 Nekrasovka
0%
Tabasaran District 878 Nichras
0%
Tlyaratinsky District 237 Nikar
0%
Tlyaratinsky District 173 Niklida
0%
Shamilsky District 234 Nitab
0%
Tlyaratinsky District 256 Nitilsukh
0%
Novolaksky District 451 Nitsovkra
0%
Levashinsky District 1532 Nizhnee Chugli
0%
Tsumadinsky District 496 Nizhnee Gakvari
0%
Botlikhsky District 2113 Nizhnee Inkhelo
0%
Gumbetovsky District 1339 Nizhnee Inkho
0%
Buynaksky District 998 Nizhnee Ishkarty
0%
Buynaksky District 12871 Nizhnee Kazanishche
0%
Tsumadinsky District 370 Nizhnee Khvarshini
0%
Levashinsky District 365 Nizhnee Labkomakhi
0%
Sergokalinsky District 329 Nizhnee Makhargimakhi
0%
Sergokalinsky District 442 Nizhnee Mulebki
0%
Gumbetovsky District 307 Nizhniy Aradirikh
0%
Levashinsky District 548 Nizhniy Arshi
0%
Shamilsky District 1327 Nizhniy Batlukh
0%
Akushinsky District 30 Nizhniy Chiamakhi
0%
Kizilyurt District 1509 Nizhniy Chiryurt
0%
Derbent District 2841 Nizhniy Dzhalgan
0%
Buynaksky District 7519 Nizhniy Dzhengutay
0%
Buynaksky District 192 Nizhniy Karanay
0%
Akushinsky District 81 Nizhniy Karshli
0%
Rutulsky District 429 Nizhniy Katrukh
0%
Gunibsky District 208 Nizhniy Keger
0%
Shamilsky District 53 Nizhniy Kolob
0%
Shamilsky District 211 Nizhniy Togokh
0%
Levashinsky District 802 Nizhniy Ubekimakhi
0%
Tarumovsky District 33 No.15
0%
Kaytag District 153 Novaya Barsha
0%
Babayurtovsky District 664 Novaya Kosa
0%
Kizlyarsky District 764 Novaya Serebryakovka
0%
Novolaksky District 3305 Novochurtakh
0%
Tarumovsky District 2293 Novodmitrievka
0%
Kizlyarsky District 316 Novoe
0%
Gumbetovsky District 1463 Novoe Argvani
0%
Kizilyurt District 798 Novoe Gadari
0%
Dokuzparinsky District 850 Novoe Karakyure
0%
Botlikhsky District 653 Novoe Kheleturi
0%
Tabasaran District 554 Novoe Lidzhe
0%
Sergokalinsky District 624 Novoe Mugri
0%
Khasavyurt District 4782 Novogagatli
0%
Tarumovsky District 2379 Novogeorgievka
0%
Kizlyarsky District 413 Novogladovka
0%
Babayurtovsky District 1393 Novokare
0%
Kizlyarsky District 845 Novokokhanovskoe
0%
Kizlyarsky District 965 Novokrest'yanovskoe
0%
Novolaksky District 2386 Novokuli
0%
Novolaksky District 5951 Novolakskoe
0%
Novolaksky District 2608 Novomekhel'ta
0%
Kizlyarsky District 1186 Novomonastyrskoe
0%
Kizlyarsky District 69 Novonadezhdovka
0%
Tarumovsky District 715 Novonikolaevka
0%
Tarumovsky District 1237 Novoromanovka
0%
Khasavyurt District 2941 Novosel'skoe
0%
Khasavyurt District 1791 Novosositli
0%
Kizlyarsky District 197 Novo-Terechnoe
0%
Kizlyarsky District 774 Novovladimirskoe
0%
Kayakent District 3338 Novye Vikri
0%
Kizlyarsky District 45 Novyy Bakhtemir
0%
Kizlyarsky District 909 Novyy Biryuzyak
0%
Rutulsky District 1605 Novyy Borch
0%
Kizlyarsky District 171 Novyy Chechen'
0%
Kizilyurt District 5922 Novyy Chirkey
0%
Khiva District 2005 Novyy Frig
0%
Makhachkala 11371 Novyy Khushet
0%
Khasavyurt District 4524 Novyy Kostek
0%
Makhachkala 9875 Novyy Kyakhulay
0%
Kizilyurt 3423 Novyy Sulak
0%
Dakhadaevsky District 1101 Novyy Urkarakh
0%
Akhtynsky District 910 Novyy Usur
0%
Tlyaratinsky District 217 Noyrukh
0%
Tlyaratinsky District 46 Nukhotkolob
0%
Charodinsky District 175 Nukush
0%
Khasavyurt District 3963 Nuradilovo
0%
Khunzakhsky District 60 Nusi
0%
Suleiman-Stalsky District 1231 Nyutyug
0%
Khunzakhsky District 667 Oboda
0%
Gunibsky District 359 Obokh
0%
Gunibsky District 46 Obonub
0%
Khunzakhsky District 571 Ochlo
0%
Kizlyarsky District 871 Oguzer
0%
Levashinsky District 1901 Okhli
0%
Kizlyarsky District 348 Oktyabr'skoe
0%
Khasavyurt District 2246 Oktyabr'skoe
0%
Levashinsky District 981 Orada Chugli
0%
Babayurtovsky District 56 Orazgulaul
0%
Khunzakhsky District 405 Orkachi
0%
Khunzakhsky District 1679 Orota
0%
Botlikhsky District 600 Ortakolo
0%
Nogai District 1099 Ortatyube
0%
Khasavyurt District 2598 Osmanyurt
0%
Rutulsky District 400 Ottal
0%
Derbent District 2266 Padar
0%
Laksky District 13 Palisma
0%
Karabudakhkent District 4949 Paraul
0%
Tabasaran District 314 Pendzhi
0%
Kizlyarsky District 235 Persidskoe
0%
Kizlyarsky District 438 Pervokizlyarskoe
0%
Khasavyurt District 2963 Petrakovskoe
0%
Tabasaran District 761 Pilig
0%
Kaytag District 29 Pilyaki
0%
Suleiman-Stalsky District 225 Piperkent
0%
Tarumovsky District 164 Plodopitomnik
0%
Khasavyurt District 4122 Pokrovskoe
0%
Kizlyarsky District 484 Prigorodnoe
0%
Tarumovsky District 451 Privol'nyy
0%
Kizlyarsky District 349 Proletarskoe
0%
Suleiman-Stalsky District 262 Ptikent
0%
Levashinsky District 76 Purrimakhi
0%
Khasavyurt District 1184 Pyatiletka
0%
Akhvakh District 167 Rachabulda
0%
Botlikhsky District 2909 Rakhata
0%
Tarumovsky District 1216 Rassvet
0%
Shamilsky District 961 Ratlub
0%
Akhvakh District 114 Ratsitl'
0%
Shamilsky District 33 Ravkvatl'
0%
Tarumovsky District 1146 Razdol'e
0%
Kizlyarsky District 370 Rechnoe
0%
Tsuntinsky District 170 Retlob
0%
Tsumadinsky District 175 Richaganikh
0%
Botlikhsky District 770 Rikvani
0%
Charodinsky District 90 Ritlyab
0%
Kaytag District 757 Rodnikovyy
0%
Tlyaratinsky District 285 Rosnob
0%
Tlyaratinsky District 77 Rosta
0%
Gunibsky District 80 Rosutl'
0%
Derbent District 3099 Rubas
0%
Shamilsky District 569 Rugel'da
0%
Tabasaran District 813 Rugudzh
0%
Gunibsky District 1641 Rugudzha
0%
Kaytag District 961 Ruka
0%
Derbent District 2746 Rukel'
0%
Charodinsky District 36 Rul'dab
0%
Tabasaran District 457 Rushchul'
0%
Botlikhsky District 57 Rushukha
0%
Kizlyarsky District 1787 Rybalko
0%
Derbent District 226 Rybzavod-51
0%
Tlyaratinsky District 5 Sabda
0%
Derbent District 3820 Sabnova
0%
Charodinsky District 150 Sachada
0%
Khasavyurt District 842 Sadovoe
0%
Tsuntinsky District 339 Sagada
0%
Kayakent District 1986 Sagasi-Deybuk
0%
Suleiman-Stalsky District 1007 Saidkent
0%
Tlyaratinsky District 358 Salda
0%
Derbent District 1763 Salik
0%
Gunibsky District 683 Salta
0%
Suleiman-Stalsky District 95 Sal'yan
0%
Khunzakhsky District 1417 Samilakh
0%
Kaytag District 1798 Sanchi
0%
Laksky District 203 Sangar
0%
Kizlyarsky District 467 Sangishi
0%
Tlyaratinsky District 288 Saniorta
0%
Tlyaratinsky District 44 Santa
0%
Tsumadinsky District 108 Santlada
0%
Tsumadinsky District 25 Sanukh
0%
Tlyaratinsky District 54 Saraf
0%
Kurakhsky District 28 Sarag
0%
Kizlyarsky District 538 Sar-Sar
0%
Tsumadinsky District 320 Sasitli
0%
Suleiman-Stalsky District 465 Saytarkent
0%
Derbent District 196 Segeler
0%
Gunibsky District 288 Sekh
0%
Akushinsky District 668 Semgamakhi
0%
Khunzakhsky District 148 Sentukh
0%
Kizlyarsky District 827 Serebryakovka
0%
Tabasaran District 400 Sertil'
0%
Gumbetovsky District 143 Shabdukh
0%
Dakhadaevsky District 300 Shadni
0%
Khasavyurt District 877 Shagada
0%
Tsuntinsky District 672 Shaitli
0%
Babayurtovsky District 12 Shakhbulatotar
0%
Laksky District 44 Shakhuva
0%
Dakhadaevsky District 631 Shalasi
0%
Charodinsky District 169 Shalib
0%
Untsukulsky District 4886 Shamil'kala
0%
Makhachkala 11855 Shamkhal
0%
Makhachkala 10260 Shamkhal-Termen
0%
Kumtorkalinsky District 1464 Shamkhal-Yangi-Yurt
0%
Gunibsky District 517 Shangoda
0%
Tsuntinsky District 298 Shapikh
0%
Laksky District 715 Shara
0%
Agulsky District 19 Shari
0%
Dakhadaevsky District 80 Shari
0%
Tsuntinsky District 218 Shauri
0%
Tsumadinsky District 1252 Shava
0%
Tlyaratinsky District 82 Shidib
0%
Tlyaratinsky District 206 Shidib
0%
Suleiman-Stalsky District 964 Shikhikent
0%
Levashinsky District 73 Shikhshaka
0%
Kaytag District 82 Shilansha
0%
Tabasaran District 207 Shile
0%
Kaytag District 484 Shilyagi
0%
Levashinsky District 36 Shinkalabukhna
0%
Akushinsky District 20 Shinkbalakada
0%
Gunibsky District 21 Shitli
0%
Botlikhsky District 85 Shivor
0%
Tsuntinsky District 49 Shiya
0%
Kizlyarsky District 734 Shkol'noe
0%
Botlikhsky District 808 Shodroda
0%
Khunzakhsky District 358 Shotoda
0%
Laksky District 581 Shovkra
0%
Gunibsky District 2 Shubada
0%
Tsumadinsky District 284 Shuguri
0%
Akushinsky District 613 Shukty
0%
Gunibsky District 745 Shulani
0%
Akushinsky District 175 Shumkhrimakhi
0%
Nogai District 799 Shumli-Olik
0%
Laksky District 33 Shuni
0%
Kaytag District 71 Shuragat
0%
Kizilyurt District 1854 Shushanovka
0%
Novolaksky District 606 Shushiya
0%
Tabasaran District 113 Sika
0%
Tlyaratinsky District 158 Sikar
0%
Tabasaran District 200 Sikukh
0%
Tsumadinsky District 208 Sil'di
0%
Gunibsky District 257 Silta
0%
Khasavyurt District 1062 Simsir
0%
Tlyaratinsky District 19 Sinida
0%
Karabudakhkent District 602 Siragi
0%
Khasavyurt District 3313 Siukh
0%
Khunzakhsky District 277 Siukh
0%
Akhtynsky District 538 Smugul
0%
Charodinsky District 72 Sodab
0%
Gunibsky District 2360 Sogratl'
0%
Khasavyurt District 4501 Solnechnoe
0%
Shamilsky District 456 Somoda
0%
Gumbetovsky District 577 Sredniy Aradirikh
0%
Kizilyurt District 5729 Stal'skoe
0%
Kizlyarsky District 441 Staro-Terechnoe
0%
Kizilyurt 2245 Staryy Bavtugay
0%
Kizlyarsky District 494 Stepnoe
0%
Levashinsky District 19 Subakhtymakhi
0%
Kulinsky District 253 Sukiyakh
0%
Makhachkala 8565 Sulak
0%
Khasavyurt District 2665 Sulevkent
0%
Levashinsky District 1257 Suleybakent
0%
Kizilyurt District 8579 Sultan-Yangi-Yurt
0%
Nogai District 49 Sulutyube
0%
Kulinsky District 264 Sumbatl'
0%
Charodinsky District 25 Sumeta
0%
Dakhadaevsky District 149 Sumiya
0%
Kaytag District 182 Surgiya
0%
Kaytag District 455 Surkhachi
0%
Kaytag District 40 Surkhavkent
0%
Dakhadaevsky District 173 Sur-Surbachi
0%
Levashinsky District 432 Susakent
0%
Dakhadaevsky District 285 Sutbuk
0%
Kizlyarsky District 98 Suyutkino
0%
Rutulsky District 167 Syugut
0%
Akhvakh District 1212 Tad-Magitl'
0%
Khunzakhsky District 497 Tagada
0%
Magaramkent District 3005 Tagirkent-Kazmalyar
0%
Buynaksky District 415 Takalay
0%
Makhachkala 1582 Talgi
0%
Tsumadinsky District 472 Talitel'
0%
Tarumovsky District 1510 Talovka
0%
Tlyaratinsky District 394 Talsukh
0%
Charodinsky District 93 Talukh
0%
Babayurtovsky District 1718 Tamazatyube
0%
Babayurtovsky District 403 Tamazatyube Staroe
0%
Tlyaratinsky District 67 Tamuda
0%
Botlikhsky District 641 Tando
0%
Gumbetovsky District 350 Tantari
0%
Akushinsky District 824 Tanty
0%
Khunzakhsky District 512 Tanusi
0%
Makhachkala 15356 Tarki
0%
Levashinsky District 28 Tarlankak
0%
Levashinsky District 148 Tarlimakhi
0%
Tarumovsky District 5372 Tarumovka
0%
Levashinsky District 1419 Tashkapur
0%
Botlikhsky District 369 Tasuta
0%
Suleiman-Stalsky District 142 Tatarkhankent
0%
Babayurtovsky District 2366 Tatayurt
0%
Tabasaran District 1132 Tatil'
0%
Derbent District 1510 Tatlyar
0%
Akushinsky District 2278 Tebekmakhi
0%
Levashinsky District 213 Telagu
0%
Shamilsky District 3551 Teletl'
0%
Khasavyurt District 3771 Temiraul
0%
Kumtorkalinsky District 1916 Temirgoe
0%
Tsumadinsky District 67 Tenla
0%
Khasavyurt District 1619 Terechnoe
0%
Tsuntinsky District 217 Terutli
0%
Shamilsky District 1090 Tidib
0%
Tlyaratinsky District 6 Tilanib
0%
Tlyaratinsky District 347 Tilutl'
0%
Tlyaratinsky District 211 Tinchuda
0%
Tsumadinsky District 2304 Tindi
0%
Tabasaran District 1384 Tinit
0%
Tsumadinsky District 577 Tissi
0%
Tsumadinsky District 446 Tissi-Akhitli
0%
Khunzakhsky District 375 Tlaylukh
0%
Tsumadinsky District 512 Tlenkhori
0%
Shamilsky District 153 Tlezda
0%
Akhvakh District 941 Tlibisho
0%
Akhvakh District 211 Tlisi
0%
Tlyaratinsky District 76 Tlobzoda
0%
Gunibsky District 215 Tlogob
0%
Botlikhsky District 2739 Tlokh
0%
Tsumadinsky District 466 Tlondoda
0%
Tsuntinsky District 539 Tlyadal
0%
Shamilsky District 318 Tlyakh
0%
Tlyaratinsky District 485 Tlyanada
0%
Shamilsky District 231 Tlyanub
0%
Charodinsky District 94 Tlyarobazutl'
0%
Charodinsky District 410 Tlyarosh
0%
Tsuntinsky District 303 Tlyatsuda
0%
Tlyaratinsky District 135 Tokh
0%
Tlyaratinsky District 192 Tokh-Orda
0%
Tlyaratinsky District 625 Tokhota
0%
Khasavyurt District 2843 Toturbiykala
0%
Dakhadaevsky District 1516 Trisanchi
0%
Khiva District 27 Trkal
0%
Khunzakhsky District 185 Tsada
0%
Charodinsky District 491 Tsadakh
0%
Gunibsky District 207 Tsalada
0%
Khunzakhsky District 109 Tsalkita
0%
Gunibsky District 15 Tsamla
0%
Tabasaran District 906 Tsanak
0%
Gumbetovsky District 388 Tsanatl'
0%
Tabasaran District 285 Tsantil'
0%
Untsukulsky District 862 Tsatanikh
0%
Tsuntinsky District 141 Tsekhok
0%
Shamilsky District 140 Tsekob
0%
Khunzakhsky District 377 Tsel'mes
0%
Charodinsky District 208 Tsemer
0%
Charodinsky District 132 Tseneb
0%
Akushinsky District 492 Tserkhimakhi
0%
Tsuntinsky District 341 Tsibari
0%
Botlikhsky District 46 Tsibilta
0%
Tsumadinsky District 144 Tsidatl'
0%
Tsumadinsky District 57 Tsikhalakh
0%
Gumbetovsky District 518 Tsilitl'
0%
Tlyaratinsky District 147 Tsimguda
0%
Tsuntinsky District 57 Tsitsimakh
0%
Khasavyurt District 2272 Tsiyab Ichichali
0%
Gumbetovsky District 1052 Tsiyab-Tsilitli
0%
Akhvakh District 1991 Tsiyab-Tsoloda
0%
Dakhadaevsky District 353 Tsizgari
0%
Khiva District 147 Tslak
0%
Khiva District 672 Tsnal
0%
Tsuntinsky District 81 Tsokhok
0%
Akhvakh District 534 Tsoloda
0%
Kulinsky District 410 Tsovkra-1
0%
Kulinsky District 420 Tsovkra-2
0%
Levashinsky District 1355 Tsudakhar
0%
Rutulsky District 401 Tsudik
0%
Khiva District 417 Tsuduk
0%
Akushinsky District 748 Tsugni
0%
Tabasaran District 653 Tsukhdyg
0%
Levashinsky District 1558 Tsukhta
0%
Charodinsky District 225 Tsulda
0%
Akushinsky District 261 Tsulikana
0%
Tsumadinsky District 209 Tsumada-Urukh
0%
Akhvakh District 195 Tsumali
0%
Tlyaratinsky District 993 Tsumilukh
0%
Gumbetovsky District 368 Tsundi
0%
Tsumadinsky District 31 Tsundi
0%
Akushinsky District 356 Tsundimakhi
0%
Akushinsky District 481 Tsunimakhi
0%
Dakhadaevsky District 189 Tsurai
0%
Charodinsky District 2234 Tsurib
0%
Sergokalinsky District 338 Tsurmakhi
0%
Tabasaran District 344 Tsurtil'
0%
Kulinsky District 281 Tsushchar
0%
Akhvakh District 656 Tsvakilkolo
0%
Kizlyarsky District 3767 Tsvetkovka
0%
Kulinsky District 383 Tsyysha
0%
Novolaksky District 3567 Tukhchar
0%
Akhvakh District 763 Tukita
0%
Khasavyurt District 588 Tukita
0%
Khunzakhsky District 167 Tukita
0%
Laksky District 67 Tulizma
0%
Khunzakhsky District 80 Tumagari
0%
Kaytag District 282 Tumeller
0%
Gergebil District 139 Tunzi
0%
Tabasaran District 1164 Turag
0%
Kaytag District 57 Turaga
0%
Dakhadaevsky District 141 Turakarimakhi
0%
Babayurtovsky District 1238 Turshunay
0%
Laksky District 38 Turtsi
0%
Tabasaran District 389 Turuf
0%
Laksky District 415 Turzin
0%
Kizlyarsky District 716 Tushilovka
0%
Khasavyurt District 505 Tutlar
0%
Akushinsky District 179 Tuzlamakhi
0%
Kumtorkalinsky District 6496 Tyube
0%
Laksky District 44 Ubra
0%
Kumtorkalinsky District 3702 Uchkent
0%
Tsuntinsky District 151 Udok
0%
Tlyaratinsky District 481 Ukal
0%
Akhtynsky District 223 Ukhul
0%
Kizlyarsky District 209 Ukrainskoe
0%
Kurakhsky District 36 Ukuz
0%
Tlyaratinsky District 209 Ul'geb
0%
Levashinsky District 5962 Ulluaya
0%
Karabudakhkent District 3666 Ullubiyaul
0%
Akushinsky District 392 Ulluchara
0%
Suleiman-Stalsky District 636 Ullugatag
0%
Sergokalinsky District 275 Ullukimakhi
0%
Derbent District 1599 Ullu-Terkeme
0%
Tabasaran District 405 Uluz
0%
Khasavyurt District 307 Umarotar
0%
Khasavyurt District 1453 Umashaul
0%
Gunibsky District 14 Umaylasulazda
0%
Laksky District 451 Unchukatl'
0%
Gunibsky District 432 Unkida
0%
Gunibsky District 383 Unty
0%
Shamilsky District 2334 Urada
0%
Shamilsky District 7 Uradakolob
0%
Dakhadaevsky District 319 Uragi
0%
Sergokalinsky District 671 Urakhi
0%
Gunibsky District 61 Urala
0%
Dakhadaevsky District 846 Urari
0%
Shamilsky District 125 Urchukh
0%
Khiva District 269 Urga
0%
Akushinsky District 407 Urgani
0%
Akushinsky District 1069 Urgubamakhi
0%
Babayurtovsky District 201 Urgula
0%
Laksky District 153 Uri
0%
Shamilsky District 585 Urib
0%
Dakhadaevsky District 4394 Urkarakh
0%
Dakhadaevsky District 290 Urkhnishcha
0%
Akushinsky District 2290 Urkhuchimakhi
0%
Akushinsky District 86 Urkhulakar
0%
Dakhadaevsky District 156 Urkutamakhi-1
0%
Dakhadaevsky District 186 Urkutamakhi-2
0%
Levashinsky District 3863 Urma
0%
Kurakhsky District 86 Ursun
0%
Khiva District 158 Urtil'
0%
Dakhadaevsky District 300 Urtsaki
0%
Charodinsky District 148 Urukh-Sota
0%
Akushinsky District 129 Urzhagimakhi
0%
Tabasaran District 349 Urzig
0%
Kayakent District 1996 Usemikent
0%
Tabasaran District 270 Ushnyug
0%
Akushinsky District 3932 Usisha
0%
Kayakent District 3634 Utamysh
0%
Charodinsky District 89 Utlukh
0%
Babayurtovsky District 3541 Utsmiyurt
0%
Akushinsky District 159 Utsulimakhi
0%
Nogai District 332 Uy-Salgan
0%
Khunzakhsky District 873 Uzdalroso
0%
Akushinsky District 910 Uznimakhi
0%
Dakhadaevsky District 103 Uzralmakhi
0%
Buynaksky District 281 Vanashimakhi
0%
Sergokalinsky District 755 Vanashimakhi
0%
Kaytag District 245 Varsit
0%
Derbent District 236 Vavilovo
0%
Tabasaran District 292 Vechrik
0%
Tsumadinsky District 378 Verkhnee Gakvari
0%
Akhvakh District 397 Verkhnee Inkhelo
0%
Gumbetovsky District 1030 Verkhnee Inkho
0%
Tsumadinsky District 144 Verkhnee Inkhokvari
0%
Buynaksky District 378 Verkhnee Ishkarty
0%
Buynaksky District 6573 Verkhnee Kazanishche
0%
Tsumadinsky District 245 Verkhnee Khvarshini
0%
Levashinsky District 741 Verkhnee Labkomakhi
0%
Sergokalinsky District 96 Verkhnee Makhargimakhi
0%
Akushinsky District 1448 Verkhnie Mulebki
0%
Gumbetovsky District 494 Verkhniy Aradirikh
0%
Levashinsky District 994 Verkhniy Arshi
0%
Shamilsky District 451 Verkhniy Batlukh
0%
Akushinsky District 78 Verkhniy Chiamakhi
0%
Buynaksky District 2144 Verkhniy Dzhengutay
0%
Akushinsky District 74 Verkhniy Kamkamakhi
0%
Buynaksky District 735 Verkhniy Karanay
0%
Akushinsky District 166 Verkhniy Karshli
0%
Rutulsky District 429 Verkhniy Katrukh
0%
Akushinsky District 455 Verkhniy Kavkamakhi
0%
Shamilsky District 82 Verkhniy Kolob
0%
Shamilsky District 180 Verkhniy Togokh
0%
Levashinsky District 842 Verkhniy Ubekimakhi
0%
Khiva District 168 Vertil'
0%
Kulinsky District 1285 Vikhli
0%
Kayakent District 24 Vikri
0%
Kizlyarsky District 153 Vinogradnoe
0%
Laksky District 49 Viraty
0%
Tsuntinsky District 179 Vitsiyatl'
0%
Kizlyarsky District 1554 Vpered
0%
Rutulsky District 32 Vrush
0%
Kizlyarsky District 784 Vyshe-Talovka
0%
Tarumovsky District 320 Vyshetalovskiy
0%
Tabasaran District 989 Yagdyg
0%
Akhtynsky District 593 Yalak
0%
Novolaksky District 781 Yamansu
0%
Kaytag District 1248 Yangikent
0%
Babayurtovsky District 153 Yangylbay
0%
Magaramkent District 2983 Yarag-Kazmalyar
0%
Akushinsky District 149 Yaraymakhi
0%
Khiva District 39 Yargil'
0%
Agulsky District 340 Yarkug
0%
Kizlyarsky District 1671 Yasnaya Polyana
0%
Kizlyarsky District 777 Yubileynoe
0%
Khiva District 422 Yukhari-Arkhit
0%
Suleiman-Stalsky District 281 Yukharikartas
0%
Derbent District 475 Yunyy Pakhar'
0%
Tabasaran District 293 Yurgulig
0%
Tarumovsky District 1527 Yurkovka
0%
Kizlyarsky District 1791 Yuzhnoe
0%
Khunzakhsky District 224 Zaib
0%
Khiva District 1133 Zakhit
0%
Shamilsky District 201 Zanata
0%
Kizlyarsky District 856 Zarechnoe
0%
Kizlyarsky District 880 Zarya Kommuny
0%
Khiva District 38 Zaza
0%
Gunibsky District 37 Zazil'kala
0%
Tsuntinsky District 503 Zekhida
0%
Karabudakhkent District 1005 Zelenomorsk
0%
Tlyaratinsky District 200 Zhazhada
0%
Botlikhsky District 67 Zibirkhali
0%
Derbent District 149 Zid'yan
0%
Derbent District 978 Zid'yan-Kazmalyar
0%
Tabasaran District 452 Zil'
0%
Dakhadaevsky District 937 Zil'bachi
0%
Khiva District 584 Zil'dik
0%
Akushinsky District 325 Zil'mukmakhi
0%
Botlikhsky District 1215 Zilo
0%
Untsukulsky District 65 Zirani
0%
Shamilsky District 325 Ziurib
0%
Suleiman-Stalsky District 1238 Zizik
0%
Akhtynsky District 1839 Zrykh
0%
Dakhadaevsky District 1638 Zubanchi
0%
Kizilyurt District 4529 Zubutli-Miatli
0%
Levashinsky District 462 Zurilaudimakhi
0%
No matching quizzes found
Score Distribution
Percent of People with Each Score
Percentile by Number Answered
Your Score History
You have not taken this quiz